000 00440nam a2200145Ia 4500
008 220216s9999 xx 000 0 und d
100 _aDayang Habibah Abang Ismawi
245 0 _aPerformance of recovered carbon black (rCB) from waste tyres in rubber compound
260 _bRubber Technology Developments
_c2010
300 _a31-35
650 _aRecovered carbon black
650 _aRubber compound
650 _aWaste tyre
942 _cJS
999 _c64764
_d64764